00961nam a2200277 i 450000500170000000800410001702000150005804000350007308200160010810000250012424501130014925000220026226400280028430000480031233600270036033700330038733800280042049000200044849000130046850000210048150400410050260000540054365000290059765000250062670000320065120220317000558.0160601s2003 sp a gs 000 0 spa d a8481562653 aCO-BoRNBPbspacCO-BoRNBPerda04a759.6bG36g1 aGiorgi, Rosaeautora13aEl Grecobel héroe melancólico de una aventura mediterráneacRosa Giorgi ; traducción E. Rodríguez aPrimera edición 1aBarcelonabElectac2003 a143 páginasbilustraciones a colorc21 cm atextobtxt2rdacontent asin mediaciónbn2rdamedia avolumenbnc2rdacarrier aElecta bolsillo aArt book aIncluye índice aIncluye referencias bibliográficas14aEl Grecod1541-1614xCrítica e interpretación14aPintura española2LEMB14aArte español2LEMB1 aRodríguez, E.,etraductor